|
|
|
|
| LEADER |
01035nam a2200205 a 4500 |
| 001 |
GR-MES4061 |
| 008 |
991111s gr 000 0 gre d |
| 040 |
|
|
|a GrPaTEI
|b gre
|c GR-PaULI
|
| 245 |
0 |
0 |
|a Οικονομία και συντάξεις :
|b συνεισφορά στον κοινωνικό διάλογο.
|
| 260 |
|
|
|b Ευρωπαικές τεχνολογικές εκδόσεις
|
| 300 |
|
|
|a 120σελ. :
|b πιν.
|
| 650 |
|
4 |
|a Οικονομία
|
| 650 |
|
4 |
|a Οικονομική πολιτική
|
| 650 |
|
4 |
|a ΣΥΝΤΑΞΕΙΣ
|
| 710 |
0 |
|
|a Ευρωπαικές τεχνολογικές εκδόσεις
|
| 710 |
2 |
|
|a επιτροπή για την εξέταση της μακροπρόθεσμης οικονομικής πολιτικής
|
| 942 |
|
|
|2 ddc
|
| 952 |
|
|
|0 0
|1 0
|2 ddc
|4 0
|6 339_500000000000000_ΕΠΙ
|7 0
|9 268706
|a MSLG
|b MSLG
|c BSC
|d 2021-01-17
|e 24
|f 0
|g 0.00
|l 0
|o 339.5 ΕΠΙ
|p 2420000012898
|r 2021-01-17 00:00:00
|t 1
|w 2021-01-17
|y BK15
|x 19991111 0 1
|x GrPaTEI
|
| 971 |
|
|
|a .b25751074
|b 16-04-20
|c 13-09-16
|
| 999 |
|
|
|c 154866
|d 154866
|